Statystyki dla Reprezentacja Polski w piłce nożnej mężczyzn (2000-2019)

Kliknij tutaj aby rozwiązać quiz!

Ogólne statystyki

  • Ten quiz został rozwiązany 1 245 razy
  • Średni wynik to 13 z 29

Statystyki odpowiedzi

Gdy?Piłkarz% Poprawnych
(2008–)Robert Lewandowski
98%
(2002–2013)Mariusz Lewandowski
95%
(2006–)Jakub Błaszczykowski
87%
(2007–2018)Łukasz Piszczek
77%
(2009–)Kamil Glik
73%
(2004–2017)Artur Boruc
66%
(1998–2013)Jerzy Dudek
64%
(2008–)Grzegorz Krychowiak
61%
(2008–)Kamil Grosicki
59%
(2012–Arkadiusz Milik
57%
(2002–2010)Ebi Smolarek
53%
(1998–2009)Jacek Krzynówek
49%
(1995–2003)Jacek Zieliński
46%
(1999–2011)Michał Żewłakow
43%
(2000–2004)Emmanuel Olisadebe
42%
(1996–2005)Tomasz Hajto
40%
(1993–2008)Jacek Bąk
38%
(1998–2008)Maciej Żurawski
35%
(2009–)Maciej Rybus
29%
(1999–2006)Tomasz Frankowski
26%
(2002–2013)Marcin Wasilewski
20%
(1991–2002)Tomasz Wałdoch
20%
(2004–2012)Dariusz Dudka
17%
(1998–2006)Tomasz Kłos
17%
(2001–2009)Kamil Kosowski
14%
(1992–2003)Piotr Świerczewski
12%
(1999–2004)Paweł Kryszałowicz
11%
(1997–2006)Radosław Kałużny
10%
(1992–2001)Andrzej Juskowiak
8%

Rozkład punktacji

Percentyl według liczby udzielonych odpowiedzi

Procent ludzi z każdym wynikiem

Twoja historia wyników

Nie rozwiązałeś tego quizu